header

PHR/SPHR (Record no. 71524)

MARC details
000 -LEADER
fixed length control field 02120nam a2200409 a 4500
100 1# - MAIN ENTRY--AUTHOR NAME
Personal name Reed, Sandra M.
245 10 - TITLE STATEMENT
Title PHR/SPHR
250 ## - EDITION STATEMENT
Edition statement 4th ed.
260 ## - PUBLICATION, DISTRIBUTION, ETC. (IMPRINT)
Place of publication Indianapolis, Ind. :
Name of publisher Wiley Pub.,
Year of publication c2012.
300 ## - PHYSICAL DESCRIPTION
Number of Pages xlviii, 599 p. :
Other physical details ill.
500 ## - GENERAL NOTE
General note Includes one folded tear-out page of HRCI test specifications.
General note "Updated for the 2012 exams"--Cover.
General note Includes index.
505 0# - FORMATTED CONTENTS NOTE
Formatted contents note Certifying human resource professionals -- Core knowledge requirements for HR professionals -- Business management and strategy -- Workforce planning and employment -- Human resource development -- Compensation and benefits -- Employee and labor relations -- Risk management.
520 ## - SUMMARY, ETC.
Summary, etc If you want to validate your skills as a Human Resources profession, you need to earn your PHR or SPHR certification. This guide will help you prepare for the 2012 exams, covering the key functional areas with which you need to be familiar.
650 #0 - SUBJECT ADDED ENTRY--TOPICAL TERM
Topical Term Personnel management
Topical Term Personnel departments
700 1# - ADDED ENTRY--PERSONAL NAME
Personal name Bogardus, Anne M.
856 40 - ELECTRONIC LOCATION AND ACCESS
Uniform Resource Identifier http://site.ebrary.com/lib/rucke/Doc?id=10630591

No items available.

© 2026 Rongo University
Contact us: librarian | system librarian | Rongo university